000 00503cam a22002171 4500
001 sa 63001409
003 DLC
005 20260227111927.0
008 911023s1962 ii b 000 1 hino
010 _asa 63001409
035 _a(OCoLC)24611576
040 _aDLC
_cWaU
_dDLC
042 _apremarc
050 0 0 _aPK2098.O45
_bB45
100 0 _aOmilal.
245 1 0 _aBhāratīya nārī aura samāja.
260 _c[1962]
300 _a134 p.
_c18 cm.
500 _aIn Hindi.
500 _aA novel.
999 _c53949
_d53949